Forensic tools for collecting digital evidence

Guardado en:
Detalles Bibliográficos
Autor principal: Lazový, Štefan (Autor)
Otros Autores: Pištek, Peter (Orientador)
Formato: Manuscrito Libro
Lenguaje:eslovaco
inglés
Publicado: 2019
Materias:
Acceso en línea:http://is.stuba.sk/zp/portal_zp.pl?podrobnosti=134881
Etiquetas: Agregar Etiqueta
Sin Etiquetas, Sea el primero en etiquetar este registro!

MARC

LEADER 00000ntm a22000003a 4500
001 stuzp75226
003 SK-STU
005 20190730112821.7
007 ta
008 150427s2015----xo-----f-mn---000-0-slo-d
040 |a STU  |b slo 
041 0 |a eng 
044 |a xo 
100 1 |a Lazový, Štefan  |u 070400  |4 aut  |U FIIT Fakulta informatiky a informačných technológií  |T FIIT Ústav počítačového inžinierstva a aplikovanej informatiky  |X 85931  |U I400  |Y 672  |7 85931 
242 0 1 |a Forenzné nástroje na zbieranie digitálnych dôkazov  |y slo 
245 1 0 |a Forensic tools for collecting digital evidence 
260 |c 2019 
650 4 |a Ext4  |2 slo 
650 4 |a forenzné nástroje  |2 slo 
650 4 |a obnova súborov  |2 slo 
650 4 |a NTFS  |2 slo 
650 4 |a File recovery  |2 eng 
650 4 |a Ext4  |2 eng 
650 4 |a NTFS  |2 eng 
650 4 |a File carving  |2 eng 
650 4 |a Forensic tools  |2 eng 
700 1 |a Pištek, Peter  |u 070400  |k Z1  |4 ths  |U FIIT Fakulta informatiky a informačných technológií  |T FIIT Ústav počítačového inžinierstva a aplikovanej informatiky  |X 20920  |U I400  |Y 672  |7 20920 
856 4 |u http://is.stuba.sk/zp/portal_zp.pl?podrobnosti=134881 
996 |c I*BAP68/19  |l II680  |s P  |a 0  |w stuzp75226_0001